| 000 | 00415nam a22001577a 4500 | ||
|---|---|---|---|
| 999 |
_c5071 _d5071 |
||
| 008 | 201106b ||||| |||| 00| 0 eng d | ||
| 082 | 0 | 0 |
_a627.2 _bC818 |
| 100 |
_93198 _aCornick, Henry F. |
||
| 245 | 1 | 0 |
_aDock and harbor engineering, Vol .1 _cby Henry F. Cornick |
| 250 | _a3rd ed. | ||
| 260 |
_aLondon _bCharles Griffin & Co _c1958 |
||
| 300 | _axvi, 316 p. | ||
| 365 | _d67.20 | ||
| 650 | 0 | _aHarbor | |
| 942 | _cBK | ||